01203nam a2200217Ia 450000500170000000800410001702000180005804000080007605000240008408200270010824501080013525000180024326000480026130000250030933600100033433700140034433800120035850505400037065000320091065000430094220231102152020.0121028s2017 mx f 000 0 spa d a9786074068269 aRDA aKGF2703.6bA44 2017 a345.72056bM611ss 2017 aAgenda de amparo 2017b: compendio de leyes, reglamentos y otras disposiciones conexas sobre la materia a37a edición aMéxicob: Ediciones Fiscales ISEFc, 2017 aPaginación variada atexto asin medio avolumen aÍndice Temático Constitución Política de los Estados Unidos mexicanos Ley de amparo, reglamentaria de los artículos 103 y 107 de la Constitución Política de los Estados Unidos Mexicanos Ley reglamentaria de las fracciones I y II del artículo 105 de la Constitución Política de los Estados Unidos Mexicanos Ley orgánica del Poder Judicial de la Federación Código Federal de Procedimiento Civiles Ley Federal de procedimiento Administrativo Acuerdo general 3/2013, del Pleno del Consejo de la Judicatura Federal10aRECURSO DE AMPAROzMÉXICO20aPROCEDIMIENTO ADMINISTRATIVOzMÉXICO